000
00254nam a2200109Ia 4500
008
231212s1979 xx 000 0 und d
041
_a
eng
082
_a
621.8
100
_a
Izyvmov N.
245
_a
Fundamental of Radio
260
_a
Mascow
_b
Mir Pub
_c
1979
999
_c
958502
_d
958502